| 000 | 00719cam a2200253 4500 | ||
|---|---|---|---|
| 008 | 090401t1992 xxu||||| |||| 00| 0 eng d | ||
| 020 | _a0850730260 | ||
| 035 | _a(Sirsi) u79932 | ||
| 041 | _aeng | ||
| 050 | _a693.71 | ||
| 110 |
_aBritish Constructional Steelwork Association _91564 |
||
| 245 | _aJoints in simple construction. Volume 2. Practical applications. | ||
| 260 |
_aLondon _bBCSA _c1992 |
||
| 300 | _aviii,248p. : ill. ; 30cm. | ||
| 350 | _a30 | ||
| 650 | _aGREEN BOOK | ||
| 650 | _aJOINTS | ||
| 650 | _aSTEEL FRAMES | ||
| 650 | _aSTRUCTURAL STEELWORK | ||
| 690 | _aBUILT ENVIRONMENT-CONSTRUCTION DESIGN | ||
| 710 |
_aSteel Construction Institute _91900 |
||
| 942 | _n0 | ||
| 948 | _c28/07/1997 | ||
| 999 |
_c96573 _d96573 |
||